Practical Numerical Integration

Saved in:
Bibliographic Details
Main Author: Evans, Gwynne
Format: Book
Language:English
Published: Chichester : John Wiley, c1993
Subjects:
Tags: Add Tag
No Tags, Be the first to tag this record!

MARC

LEADER 00000nam a2200000 i 4500
001 1/44821
008 950525s1993 eng d
020 |a 0-471-93898-X 
035 |a 1995  |c ΣΕΙΜΕΝΗΣ  |l 10042378 
040 |a GR-MY-UA  |b gre  |e aacr 
041 0 |a eng 
082 0 |a 515.624 
100 1 |a Evans, Gwynne. 
245 1 0 |a Practical Numerical Integration /  |c Gwynne Evans 
260 |a Chichester :   |b John Wiley,   |c c1993 
300 |a 328 p.;  |c 24 cm. 
500 |a Includes bibliographical references and index 
650 0 0 |a Numerical integration. 
852 |a INST  |b SAMOS  |e 19950525  |h 515.624 EVA  |p 005300005500  |q 005300005500  |t BK  |y 0 
909 |a Σ  |b 038964